000 00288nam a22001217a 4500
003 OSt
005 20250708114559.0
008 250708b |||||||| |||| 00| 0 eng d
040 _cDLC
082 _a305.4096
_bREV
245 _aAfrican Women Liberation, A Man's Perspective
942 _2ddc
_cBK
999 _c4120
_d4120